000 00738nam a2200253Ia 4500
003 OSt
005 20220925233638.0
006 a|||||r|||| 00| 0
007 ta
008 220923b |||||||| |||| 00| 0 eng d
020 _a9789386761347
_c1695.00
037 _bBL100, 15/02/2018, AVIVA BOOKS COMPANY
_cGeneral Book
040 _aRTL
_cRTL
_beng
041 _2eng
_aeng
082 _aU435, Q8
100 _aSHAH Ramesh
_9172638
245 0 _aCity planning
260 _a New Delhi
_bAne books
_c2018
300 _avi, 280p
_ccm.
500 _aBibliography: P 262-307
650 _aGeography
942 _hU435, Q8
_cGB
_2CC
999 _c594154
_d594154